50 Famous People born in Ohio - Statistics

General Stats
  • This quiz has been taken 26 times
  • The average score is 17 of 50
Answer Stats
Picture Hint Answer % Correct
Springfield John Legend
78%
Nelsonville Sarah Jessica Parker
78%
Point Pleasant Ulysses Grant
78%
Cadiz Clark Gable
74%
Cleveland Halle Berry
74%
Cincinnati Steven Spielberg
74%
Wapakoneta Neil Armstrong
65%
Cleveland Heights/Shaker Heights Paul Newman
65%
Cleveland Tracy Chapman
65%
Steubenville Dean Martin
61%
Warren Dave Grohl
57%
Cleveland Drew Carey
57%
Columbus Guy Fieri
57%
Toledo Katie Holmes
52%
Mansfield/Fredericktown Luke Perry
52%
Dayton Martin Sheen
52%
Youngstown Ed O'Neill
48%
Lima Phyllis Diller
43%
Cleveland Arsenio Hall
39%
Cleveland Burgess Meredith
35%
Cleveland Fred Willard
35%
Cleveland Molly Shannon
35%
Bay Village Patricia Heaton
35%
Darke County Annie Oakley
30%
Cleveland Alan Ruck
26%
Zanesville/Mason Dan Patrick
26%
Cambridge John Glenn
26%
Columbus Beverly D'Angelo
22%
Cincinnati Doris Day
22%
Toledo Gloria Steinem
22%
Columbus/North Lewisburg Matt Rife
22%
Chagrin Falls Tim Conway
22%
Columbus Josh Radnor
17%
Dayton Nancy Cartwright (Simpsons)
17%
Bellaire Ted Levine
17%
Cleveland DaBaby
13%
Cleveland Dorothy Dandridge
9%
Cincinnati Katt Williams
9%
Cleveland/Bay Village Lili Reinhart
9%
Worthington Maggie Grace
9%
Cincinnati Julie Hagerty
4%
Springfield Justin Chambers
4%
Cleveland Kid Cudi
4%
Lima Tanner Buchanan
4%
Lorain Toni Morrison
4%
Orange Vanessa Bayer
4%
Ravenna Maynard James Keenan
0%
Worthington Rachael Harris
0%
Camden/Clyde Sherwood Anderson
0%
Columbus Tyler Joseph (Twenty One Pilots)
0%
No matching quizzes found
Score Distribution
Percent of People with Each Score
Percentile by Number Answered
Your Score History
You have not taken this quiz